15 principales países afectados por Covid19 - 25 agosto - Estadísticas

Estadísticas generales
  • Esta prueba ha sido intentada 7 veces
  • La puntuación promedio es 18 de 25
Estadísticas de respuestas
país % Correcto
Argentina
100%
Brasil
100%
Chile
100%
Chile
100%
Colombia
100%
España
100%
Estados Unidos
100%
India
100%
México
100%
Perú
100%
Bolivia
80%
Irán
80%
Rusia
80%
Arabia Saudita
60%
Bangladés
60%
Panamá
60%
Baréin
40%
Catar
40%
Israel
40%
Kuwait
40%
Omán
40%
Reino Unido
40%
Singapur
40%
Sudáfrica
40%
Armenia
20%
No se encontraron pruebas coincidentes
Distribución de puntuación
Porcentaje de gente con cada puntuación
Porcentaje por número respondido
Historial de tus puntuaciones
No has intentado esta prueba.